| 000 | 00746na a2200229 4500 | ||
|---|---|---|---|
| 001 | 15083 | ||
| 003 | MIRAKIL | ||
| 005 | 20181213155217.0 | ||
| 008 | 161102b tu 000 0 | ||
| 035 | _a15083 | ||
| 040 |
_aMilas _btur _cTR-AnCHP |
||
| 082 |
_aATA 956.1023 _bA72b 1999 |
||
| 090 | _aATA 956.1023 A72b 1999 | ||
| 100 |
_aAtatürk, Mustafa Kemal _d1881-1838 |
||
| 245 |
_a1919 yılı Mayısı'nın 19'uncu günü Samsun'a çıktım (Nutuk'tan) _cMustafa Kemal Atatürk |
||
| 260 |
_aİstanbul _bCumhuriyet _c1999 |
||
| 300 |
_a112 s. _c18 sm. |
||
| 600 |
_aAtatürk, Mustafa Kemal _d1881-1938 _xSöylev ve demeçler |
||
| 650 |
_aSiyaset ve yönetim _zTürkiye |
||
| 650 |
_aKurtuluş Savaşı _xTarih _zTürkiye |
||
| 942 |
_2dcc _cBKS |
||
| 999 |
_c8576 _d8576 |
||